| 000 | 00704nam a2200205 i 4500 | ||
|---|---|---|---|
| 001 | 129165 | ||
| 003 | ES-MaACL | ||
| 005 | 20230906193441.0 | ||
| 007 | t| | ||
| 008 | 070607s1973 sp a |||| | spa d | ||
| 080 | _a616.4-053.2-08 | ||
| 080 | _a616-053.2:061.236.7(46).053 | ||
| 245 | 0 | 0 |
_aTerapéutica de las endocrinopatías infantiles / _cAsociación Española de Pediatría. |
| 260 |
_aGranada : _bAsociación Española de Pediatría, _c1973. |
||
| 300 |
_a314 p. : _bil. ; _c26 cm. |
||
| 650 | 1 | 4 |
_aNiños- _xEnfermedades- _xTratamiento. _915547 |
| 650 | 1 | 4 |
_aGlándulas endocrinas- _xEnfermedades. _9162695 |
| 710 | 2 |
_aAsociación Española de Pediatría. _91680 |
|
| 852 |
_aES-MaACL _jC-55416 |
||
| 999 |
_c129165 _d129165 |
||